| 000 | 005140000a22001690004500 | ||
|---|---|---|---|
| 003 | MACL | ||
| 005 | 20160205112827.0 | ||
| 008 | 160205b xxu||||| |||| 00| 0 eng d | ||
| 040 |
_aMACL _cMACL |
||
| 041 | _aHindi | ||
| 082 | _a020 | ||
| 100 |
_aशर्मा डॉ. बी. एम _936946 |
||
| 245 | _aप्रमुख शासन प्रणालियॉ | ||
| 260 |
_bकिताब महल _c1966 _aइलाहाबाद |
||
| 650 |
_aLibrary & Inf Science _936940 |
||
| 942 |
_cHIN _k020 _2ddc |
||
| 999 |
_c25980 _d25980 |
||